Normal view
MARC view
- M.ARKAM HUSSAIN, HAMZA JAVED, ZEESHAN ALI, AQEEL KHAN
Entry Personal Name
001 - CONTROL NUMBER
- control field: 130891
003 - CONTROL NUMBER IDENTIFIER
- control field: NUST
005 - DATE AND TIME OF LATEST TRANSACTION
- control field: 20251004134612.0
008 - FIXED-LENGTH DATA ELEMENTS
- fixed length control field: 251004|| aca||aabn | a|a d
040 ## - CATALOGING SOURCE
- Original cataloging agency: NUST
- Transcribing agency: NUST
100 ## - HEADING--PERSONAL NAME
- Personal name: M.ARKAM HUSSAIN, HAMZA JAVED, ZEESHAN ALI, AQEEL KHAN
670 ## - SOURCE DATA FOUND
- Source citation: Work cat.: (NUST): M.ARKAM HUSSAIN, HAMZA JAVED, ZEESHAN ALI, AQEEL KHAN, PR-SOF-2554-FPGA-BASED BATTERY MANAGEMENT SYSTEMS, 2025.
